Kémiáról tanároknak
Elmentve itt :
| Dokumentumtípus: | Cikk |
|---|---|
| Megjelent: |
1982-08-24
|
| Sorozat: | Délmagyarország
72 No. 197 |
| Kulcsszavak: | továbbképzés |
| Online Access: | http://dmarchiv.bibl.u-szeged.hu/116771 |
| LEADER | 00395nab a2200145 i 4500 | ||
|---|---|---|---|
| 001 | delm116771 | ||
| 005 | 20190621145316.0 | ||
| 008 | 190621s1982 hu o 0|| hun d | ||
| 040 | |a SZTE Délmagyarország Archívum |b hun | ||
| 041 | |a hun | ||
| 245 | 0 | 0 | |a Kémiáról tanároknak |h [elektronikus dokumentum] |
| 260 | |c 1982-08-24 | ||
| 300 | |a 5 | ||
| 490 | 0 | |a Délmagyarország |v 72 No. 197 | |
| 695 | |a továbbképzés | ||